000 00454 a2200157 4500
020 _a8120326415
082 _a 515.9
100 _a Kasana, H. S.
245 _aComplex Variables: Theory And Applications
_cH. S. Kasana
250 _a2nd ed
260 _aNew Delhi:
_bPrentice-Hall of India Pvt. Ltd.
_c2005.
300 _axii, 492 p.
_b: ill.
_c; 24 cm.
500 _a Includes Index
650 _aFunctions of complex variables.
942 _cBK
_k515.9 KAS
999 _c7616
_d7616